00470cam a2200181ua 45000010005000000080039000050200015000440400009000590410008000680820012000761000027000882450052001152500009001672600040001763000010002166530044002266530018002707501141211n ii |||gr||||Z||||||ben a8172014341 cMAIN aben a891.441 aBardoloi, N.,eAuthor.1 aSudirgha din aar ritucBy Nirmalprabha Bardoloi a1st. aNew Delhi:bSahitya akademi,c1993. a130p. aEast Indo-European & Celtic literatures aBengali poems